La Définition Impossible - Statistiques

Statistiques générales
  • Ce quiz a été pris 17 fois
  • Le résultat moyen est 8 sur 13
Statistiques - réponses
Question Réponse % Correct
HIRSUTE Couvert de poils longs et désordonnés, ébouriffé
87%
OSTRÉICULTURE Élevage et culture des huîtres
80%
BLÉPHARITE Inflammation des paupières
73%
ROBORATIF Qui redonne de la force, qui fortifie
73%
BORBORYGME Bruit produit par les gaz dans les intestins
67%
FIASQUE Grosse bouteille de vin enveloppée d'osier
67%
PALIMPSESTE Parchemin dont le texte a été effacé et réutilisé
67%
ÉPISTÉMOLOGIE Étude des fondements, méthodes et limites de la connaissance scientifique
53%
ANÉMOMÈTRE Instrument mesurant la vitesse du vent
53%
ULULER Pousser des cris plaintif
53%
PTÔSE Chute ou abaissement d'un organe hors de sa position normale
47%
SÉRENDIPITÉ Fait de trouver quelque chose d'utile en cherchant autre chose
47%
SYCOPHANTE Flatteur servile cherchant à plaire par intérêt
27%
Aucun quiz correspondant
Distribution des résultats
% des personnes avec chaque résultat
Percentile par nombre de réponses
Votre historique - résultats
Vous n’avez pas pris ce quiz